Nghệ thuật bày hoa quả
Đã lưu trong:
| Príomhúdar: | |
|---|---|
| Formáid: | Leabhar |
| Teanga: | Undetermined |
| Foilsithe: |
Hà Nội
Phụ nữ
2003
|
| Ábhair: | |
| Clibeanna: |
Cuir Clib Leis
Gan Chlibeanna, Bí ar an gcéad duine leis an taifead seo a chlibeáil!
|
| Thư viện lưu trữ: | Trung tâm Học liệu Trường Đại học Cần Thơ |
|---|
| LEADER | 00528nam a2200193Ia 4500 | ||
|---|---|---|---|
| 001 | CTU_60408 | ||
| 008 | 210402s9999 xx 000 0 und d | ||
| 020 | |b 42000 | ||
| 082 | |a 745.924 | ||
| 082 | |b H668 | ||
| 100 | |a Hirano, Taizo | ||
| 245 | 0 | |a Nghệ thuật bày hoa quả | |
| 245 | 0 | |c Taizo Hirano; Hoàng Hương biên dịch | |
| 260 | |a Hà Nội | ||
| 260 | |b Phụ nữ | ||
| 260 | |c 2003 | ||
| 650 | |a Fruit arrangement | ||
| 904 | |i Minh | ||
| 980 | |a Trung tâm Học liệu Trường Đại học Cần Thơ | ||